| 000 | 00299nam a2200085 4500 | ||
|---|---|---|---|
| 999 |
_c527699 _d527699 |
||
| 082 | _aA7x54 R118/ 2024 | ||
| 245 | _aFinal report: geospatia 2024 national geospatial policy & India vision 2047 | ||
| 260 |
_aNew Delhi _bRadhananth Sikdar Institute of Geospatial Science & Technology _c2024 |
||
| 300 | _av.p. | ||